[Event "ISL-ch"]
[Site "Akureyri"]
[Date "1987.??.??"]
[Round "7"]
[White "Bjarnason, Saevar"]
[Black "Karason, Askell O"]
[Result "1-0"]
[WhiteElo "2355"]
[BlackElo "2255"]

1.Nf3 c5 2.c4 Nf6 3.Nc3 b6 4.g3 Bb7 5.Bg2 g6 6.O-O Bg7 7.d4 cxd4 8.Nxd4 Bxg2
9.Kxg2 O-O 10.e4 Qc7 11.Qe2 d6 12.Be3 Qb7 13.f3 Nbd7 14.Rfd1 a6 15.Rac1 Rfe8
16.b4 Rac8 17.Nb3 e6 18.Bf4 d5 19.cxd5 exd5 20.Nxd5 Nxd5 21.Rxd5 Rxc1 22.Nxc1 Nf6
23.Rd6 Nh5 24.Be3 f5 25.Qc4+ Kh8 26.Rxb6 Qe7 27.Qc5 Qf7 28.Qd5 Qxd5 29.exd5 Bb2
30.Re6 Rd8 31.Nd3 Bc3 32.Rc6 Ba1 33.d6 Nf6 34.Bg5 Kg7 35.Nf4 Rd7 36.Rc7  1-0

[Event "Altensteig"]
[Site "Altensteig"]
[Date "1987.??.??"]
[Round "?"]
[White "Stangl, Markus"]
[Black "Gheorghiu, Florin"]
[Result "1-0"]
[WhiteElo "2405"]
[BlackElo "2540"]

1.c4 c5 2.Nf3 Nf6 3.Nc3 e6 4.g3 b6 5.Bg2 Bb7 6.O-O a6 7.d4 cxd4 8.Qxd4 d6
9.Rd1 Be7 10.Bg5 Nbd7 11.Qd2 Rc8 12.Bf4 Bxf3 13.exf3 Qc7 14.Bxd6 Bxd6 15.Qxd6 Qxd6
16.Rxd6 Rxc4 17.Bf1 Rb4 18.Rb1 Ke7 19.Rdd1 b5 20.b3 Ne5 21.f4 Nf3+ 22.Kg2 Nd4
23.Rd3 Rd8 24.Rbd1 Rd7 25.Ne2 Nxe2 26.Bxe2 Rxd3 27.Rxd3 Nd7 28.a3 Re4 29.Kf1 e5
30.Bf3 Rd4 31.Rxd4 exd4 32.Ke2 a5 33.b4 axb4 34.axb4 Nb8 35.Bb7 Kd6 36.Kd3 Kc7
37.Be4 Na6 38.Bxh7 Nxb4+ 39.Kxd4 Kd6 40.Be4 Na6 41.Bd3 Nc7 42.f5 f6 43.f4 Kc6
44.h4 Kd6 45.Be2 Kc6 46.h5 Kd6 47.Bd3 b4 48.Bc4 Ne8 49.g4 Ke7 50.Kc5 Nd6
51.Bd3 b3 52.Kb4 b2 53.Kb3 Nf7 54.Kxb2 Nh6 55.Be2 Kd6 56.Kc3 Kc5 57.Bf3 Nf7
58.Be4 Nh6 59.Bf3 Nf7 60.Kd3 Nh6 61.Ke3 Kc4 62.Bd1 Nf7 63.Ba4 Nh6 64.Kf3 Nf7
65.Bd7 Kd4 66.Be6 Nd6 67.g5 fxg5 68.f6 gxf6 69.h6  1-0

[Event "AUT-ch"]
[Site "Austria"]
[Date "1987.??.??"]
[Round "8"]
[White "Titz, Heimo"]
[Black "Steiner, Ulrich A"]
[Result "1/2-1/2"]
[WhiteElo "2290"]
[BlackElo "2290"]

1.c4 c5 2.Nf3 Nf6 3.Nc3 d5 4.cxd5 Nxd5 5.g3 Nc7 6.Bg2 Nc6 7.Qa4 Bd7 8.Qe4 g6
9.Ne5 Bg7 10.Nxd7 Qxd7 11.O-O O-O 12.a3 Rab8 13.Rb1 Nd4 14.d3 f5 15.Qh4 b5
16.b4 cxb4 17.axb4 Rbc8 18.e3 Bf6 19.Qh3 Nde6 20.Bb2 Ng5 21.Qh6 Nf7 22.Qh3 Ng5
23.Qh6 Nf7 24.Qh3 Ng5  1/2-1/2

[Event "FRG-ch"]
[Site "Bad Neuenahr"]
[Date "1987.??.??"]
[Round "?"]
[White "Borngaesser, Rene"]
[Black "Schuh, Hubert"]
[Result "0-1"]
[WhiteElo "2370"]
[BlackElo "2295"]

1.c4 c5 2.Nf3 Nf6 3.Nc3 g6 4.e3 Bg7 5.Be2 O-O 6.d3 Nc6 7.a3 d5 8.cxd5 Nxd5
9.Bd2 b6 10.O-O Bb7 11.Qc2 Rc8 12.Rac1 Nd4 13.Nxd4 cxd4 14.exd4 Qd7 15.Qb3 Bxd4
16.Nb5 Rxc1 17.Bxc1 Be5 18.Nxa7 Bf4 19.Bf3 Bxc1 20.Rxc1 Nf4 21.Nc6 Bxc6 22.Bxc6 Ne2+  0-1

[Event "FRG-ch"]
[Site "Bad Neuenahr"]
[Date "1987.??.??"]
[Round "?"]
[White "Ruehrig, Volkhard"]
[Black "Schulz, Klaus Juergen"]
[Result "1-0"]
[WhiteElo "2335"]
[BlackElo "2440"]

1.c4 c5 2.Nf3 Nf6 3.Nc3 d5 4.cxd5 Nxd5 5.g3 Nc6 6.Bg2 Nc7 7.O-O e5 8.Qa4 Bd7
9.Nxe5 Nxe5 10.Qe4 Qe7 11.Qxb7 Qd6 12.f4 Ng4 13.b3 Rc8 14.Bb2 Qb6 15.Rac1 Be7
16.Na4 Qxb7 17.Bxb7 Rb8 18.Bf3 Bxa4 19.Bxg4 Bc6 20.Be5 Kd8 21.Rc3 Bb5 22.Rff3 Bxe2
23.Rfd3+ Bxd3 24.Rxd3+ Ke8 25.Bxg7 c4 26.Bd7+ Kd8 27.bxc4 Bc5+ 28.Kg2 Ke7
29.Bxh8 Rxh8 30.Bf5 Ne6 31.Rd5 Bd6 32.Ra5 Bb8 33.Rb5 h6 34.Kf2 Rd8 35.Ke3 Bc7
36.Bxe6 fxe6 37.d4 a6 38.Rh5 Rh8 39.Ke4 Kf6 40.Rc5  1-0

[Event "Wch U20"]
[Site "Baguio"]
[Date "1987.??.??"]
[Round "?"]
[White "Rechlis, Gad"]
[Black "Stefansson, Hannes"]
[Result "1-0"]
[WhiteElo "2450"]
[BlackElo "2335"]

1.Nf3 Nf6 2.c4 c5 3.Nc3 d5 4.cxd5 Nxd5 5.g3 Nxc3 6.bxc3 Nc6 7.Bg2 e5 8.O-O Be7
9.Rb1 O-O 10.d3 Qc7 11.Be3 Rb8 12.Nd2 Be6 13.Qa4 Bd7 14.Qc2 Bg4 15.f4 Bxe2
16.Rf2 Bh5 17.Ne4 c4 18.dxc4 exf4 19.Bxf4 Ne5 20.Bxe5 Qxe5 21.Rb5  1-0

[Event "Wch U20"]
[Site "Baguio"]
[Date "1987.??.??"]
[Round "?"]
[White "Rechlis, Gad"]
[Black "Thorhallsson, Throstur"]
[Result "1/2-1/2"]
[WhiteElo "2450"]
[BlackElo "2345"]

1.Nf3 c5 2.c4 Nf6 3.Nc3 b6 4.g3 Bb7 5.Bg2 g6 6.O-O Bg7 7.d4 cxd4 8.Qxd4 O-O
9.Qh4 d6 10.Bh6 Nbd7 11.Rfd1 Rc8 12.b3 Rc5 13.Bxg7 Kxg7 14.Qd4 a6 15.e4 Kg8
16.Rac1 b5 17.cxb5 axb5 18.Ne1 Qa8 19.Nd3 Rcc8 20.Nb4 Qa3 21.Rc2 Qa5 22.Rdc1 Ne5
23.h3 Rc5 24.f4 Rfc8 25.a3 Qxa3 26.Nxb5 Qxc1+ 27.Rxc1 Rxc1+ 28.Kh2  1/2-1/2

[Event "Wch U20"]
[Site "Baguio"]
[Date "1987.??.??"]
[Round "?"]
[White "Puri, Vinny"]
[Black "Hansen, Lars Bo"]
[Result "1-0"]
[WhiteElo "2285"]
[BlackElo "2355"]

1.Nf3 Nf6 2.c4 c5 3.Nc3 e6 4.g3 b6 5.Bg2 Bb7 6.O-O d6 7.d4 cxd4 8.Qxd4 a6
9.b3 Nbd7 10.e4 Qc8 11.Ba3 Nc5 12.Rfe1 Be7 13.Rad1 O-O 14.Re2 Rd8 15.Ne1 Qc7
16.Red2 Rac8 17.Qe3 Qb8 18.Nd3 Nfd7 19.Nxc5 Nxc5 20.Bxc5 bxc5 21.e5 Bxg2
22.exd6 Rxd6 23.Rxd6 Bxd6 24.Kxg2 Be5 25.Ne2 Bf6 26.Qe4 Qb4 27.Rd7 Rf8 28.Nf4 Qa5
29.Nd3 Qa3 30.Rc7 Bd4 31.b4 Qxa2 32.bxc5 e5 33.Rd7 Qa4 34.c6 a5 35.Qd5 Bb6
36.c7 Bxc7 37.Rxc7 Qc2 38.Nxe5 Qf5 39.Nf3 Qxd5 40.cxd5 Rd8 41.Ra7 f6 42.Rxa5 Kf7
43.Nd4  1-0

[Event "Noviki-C"]
[Site "Budapest"]
[Date "1987.??.??"]
[Round "?"]
[White "Serrer, Christoph"]
[Black "Belotti, Bruno"]
[Result "1/2-1/2"]
[WhiteElo "2310"]
[BlackElo "2340"]

1.Nf3 Nf6 2.c4 e6 3.Nc3 c5 4.g3 b6 5.Bg2 Bb7 6.O-O Be7 7.d4 cxd4 8.Qxd4 d6
9.Rd1 a6 10.b3 Nbd7  1/2-1/2

[Event "Camaguey-B"]
[Site "Camaguey"]
[Date "1987.??.??"]
[Round "?"]
[White "Frey, Kenneth"]
[Black "Andres, Miguel"]
[Result "1-0"]
[WhiteElo "2430"]
[BlackElo "2400"]

1.Nf3 Nf6 2.c4 g6 3.Nc3 c5 4.e4 Nc6 5.d4 cxd4 6.Nxd4 d6 7.Be2 Nxd4 8.Qxd4 Bg7
9.Bg5 O-O 10.Qd2 Be6 11.Rc1 a6 12.f3 Qa5 13.b3 Rfc8 14.Na4 Qd8 15.O-O Rab8
16.c5 Rc6 17.Rfd1 Ne8 18.b4 b5 19.Nc3 Rb7 20.Nd5 Kf8 21.Bh6 Bxh6 22.Qxh6+ Kg8
23.Qe3 Qb8 24.f4 dxc5 25.bxc5 Bxd5 26.exd5 Rc8 27.Bg4 Rd8 28.Bf3 Rbd7 29.Rc2 Qa7
30.Kf2 Rc7 31.g4 Rdc8 32.Rdc1 Nd6 33.c6 Nc4 34.Qxa7 Rxa7 35.Be2 Nb6 36.Bf3 Rac7
37.Ke3 Rd8 38.Rd1 Nc4+ 39.Rxc4 bxc4 40.Rd4 c3 41.Rc4 Rb8 42.Rxc3 Kf8 43.Ra3 Ra7
44.Rb3 Rxb3+ 45.axb3 Ke8 46.b4 Kd8 47.Kd4 Kc7 48.Kc5 Ra8 49.Be2 Ra7 50.g5 Ra8
51.Bd3 Ra7 52.h4 Ra8 53.Be2 a5 54.b5 Rb8 55.Bd1 Rb6 56.Ba4 Rb8 57.Bc2 Rb6
58.f5 gxf5 59.Bxf5 a4 60.Bxh7 a3 61.Bb1 Rb8 62.h5  1-0

[Event "Coimbatore"]
[Site "Coimbatore"]
[Date "1987.??.??"]
[Round "?"]
[White "Ravi, Lanka"]
[Black "Hegde, Ravi Gopal"]
[Result "1/2-1/2"]
[WhiteElo "2325"]
[BlackElo "2345"]

1.Nf3 c5 2.c4 Nf6 3.Nc3 g6 4.g3 Bg7 5.Bg2 Nc6 6.O-O O-O 7.d3 Rb8 8.a3 a6
9.Rb1 b5 10.cxb5 axb5 11.b4 cxb4 12.axb4 d5 13.Bf4 Rb6 14.Ne5 Nxe5 15.Bxe5 d4
16.Bxf6 exf6 17.Ne4 f5 18.Nc5 f4 19.Qd2 fxg3 20.hxg3 h5 21.Ra1 h4 22.Ra7 hxg3
23.fxg3 Rf6 24.Rxf6 Qxf6 25.Qf4 Qxf4 26.gxf4 Bh6 27.Bc6 Bxf4 28.Bxb5 Bd2
29.Bc4 Bxb4 30.Nd7 Bxd7 31.Rxd7 Bd2 32.Kg2 Be3 33.Kf3 Kg7 34.Kg4 Kf6 35.Ra7 Bd2
36.Rb7 Be3 37.Rd7 g5 38.Bd5 Bf4 39.Ra7 Bd6 40.Ra8 Rxa8 41.Bxa8 Bf4 42.Be4 Ke5
43.Bf5 f6 44.Bc8 Kd6 45.Kf5 Be5 46.Bb7 Kc5 47.Bc8 Kb4 48.Kg4 Kb3 49.Kf3 Kb4  1/2-1/2

[Event "Copenhagen op"]
[Site "Copenhagen"]
[Date "1987.??.??"]
[Round "1"]
[White "Nielsen, Jorgen G"]
[Black "Stein, Bernd"]
[Result "0-1"]
[WhiteElo "2245"]
[BlackElo "2385"]

1.c4 c5 2.Nf3 Nf6 3.Nc3 d5 4.d4 cxd4 5.Nxd5 Nxd5 6.cxd5 Qxd5 7.Qxd4 Qxd4
8.Nxd4 a6 9.f4 g6 10.e4 e5 11.fxe5 Bg7 12.Be3 Bxe5 13.Bc4 O-O 14.O-O Nd7
15.Rxf7 Rxf7 16.Rf1 Bf6 17.Nf3 Kg7 18.e5 Be7 19.e6 Rf8 20.exd7 Bxd7 21.Bd4+ Bf6
22.Ne5 Bb5 23.Rxf6 Kxf6 24.Bd5 Rad8 25.Nf3+ Ke7 26.Bxb7 Rxd4  0-1

[Event "HUN-ch op"]
[Site "Eger"]
[Date "1987.??.??"]
[Round "?"]
[White "Horvath, Jozsef"]
[Black "Szalanczy, Emil"]
[Result "1/2-1/2"]
[WhiteElo "2465"]
[BlackElo "2385"]

1.Nf3 Nf6 2.c4 c5 3.Nc3 g6 4.e4 Bg7 5.d4 O-O 6.Be2 d6 7.O-O Bg4 8.d5 e6 9.dxe6 fxe6
10.Ng5 Bxe2 11.Qxe2 Re8 12.Rd1 Nc6 13.Nb5 Bf8 14.e5 Nxe5 15.Bf4 Nh5 16.Bxe5 Qxg5
17.Nxd6 Bxd6 18.Rxd6 Rad8 19.Re1 Rxd6 20.Bxd6 Nf4 21.Qf3 Nxg2 22.Qxg2 Qd2
23.Qe4 Qxd6 24.Qxb7 Qd2  1/2-1/2

[Event "Espergaerde"]
[Site "Espergaerde"]
[Date "1987.??.??"]
[Round "2"]
[White "Danielsen, Henrik"]
[Black "Hansen, Lars Bo"]
[Result "1/2-1/2"]
[WhiteElo "2415"]
[BlackElo "2355"]

1.Nf3 Nf6 2.c4 c5 3.Nc3 e6 4.d4 cxd4 5.Nxd4 a6 6.g3 Qc7 7.Qd3 Nc6 8.b3 Nxd4
9.Qxd4 Bc5 10.Qf4 Qc6 11.Rg1 O-O 12.Bg2 d5 13.Bb2 e5 14.Qd2 Qb6 15.e3 dxc4
16.Na4 Qc7 17.Nxc5 Qxc5 18.Qc3 Re8 19.Rc1 Qe7 20.Qxc4 Bg4 21.f3 Rac8 22.Qe2 Bd7
23.Kf2 Bb5 24.Qd2 Rcd8 25.Qc2  1/2-1/2

[Event "Espoo"]
[Site "Espoo"]
[Date "1987.??.??"]
[Round "11"]
[White "Lukacs, Peter"]
[Black "Hazai, Laszlo"]
[Result "1/2-1/2"]
[WhiteElo "2500"]
[BlackElo "2465"]

1.c4 Nf6 2.Nf3 c5 3.Nc3 e6 4.d4 cxd4 5.Nxd4 a6 6.g3 Qc7 7.Qd3 d6 8.Bg2 Nbd7
9.b3 Be7 10.O-O O-O 11.Bb2 Ne5 12.Qc2 Bd7 13.Rfd1 Rac8 14.Rac1 Rfd8 15.Qb1  1/2-1/2

[Event "POL-ch sf"]
[Site "Gdynia"]
[Date "1987.??.??"]
[Round "1"]
[White "Bany, Jerzy"]
[Black "Siekanski, Janusz"]
[Result "1-0"]
[WhiteElo "2430"]
[BlackElo "2335"]

1.Nf3 Nf6 2.c4 c5 3.Nc3 b6 4.g3 Bb7 5.Bg2 e6 6.O-O d6 7.d4 cxd4 8.Qxd4 a6
9.Rd1 Be7 10.Bg5 Nbd7 11.Qd2 Rc8 12.Bf4 Rxc4 13.Bxd6 Rc6 14.Bxe7 Qxe7 15.Nd4 Rc7
16.Ndb5 axb5 17.Nxb5 Nc5 18.Nxc7+ Qxc7 19.Bxb7 Nxb7 20.Rac1 Qb8 21.Qb4 Nd5
22.Qb5+ Ke7 23.e4 Nd6 24.Qd3 Nb4 25.Qa3 Nxa2 26.Rc6  1-0

[Event "POL-ch sf"]
[Site "Gdynia"]
[Date "1987.??.??"]
[Round "2"]
[White "Hass, Roman"]
[Black "Dabek, Roman"]
[Result "1-0"]
[WhiteElo "2270"]
[BlackElo "2295"]

1.Nf3 Nf6 2.c4 e6 3.Nc3 c5 4.e3 Nc6 5.d4 d5 6.cxd5 exd5 7.Be2 Be7 8.dxc5 Bxc5
9.O-O O-O 10.b3 a6 11.Bb2 Be6 12.Rc1 Qe7 13.Rc2 Rfd8 14.Na4 Bd6 15.Qa1 Ne4
16.Bxg7 f6 17.Bh6 Ba3 18.Bf4 Nb4 19.Rc7 Rd7 20.Rxd7 Bxd7 21.Nb6 Re8 22.Nxd7 Qxd7
23.Nd4 Rc8 24.h3 f5 25.Nxf5 Qxf5 26.Bg4 Qg6 27.Bxc8 Nd2 28.Rd1 Nc2 29.Qc3 Bb4
30.Qc7 Ne1 31.Qd8+ Kg7 32.Be5+ Kf7 33.Qxd5+  1-0

[Event "Dreszer mem"]
[Site "Gdynia"]
[Date "1987.??.??"]
[Round "3"]
[White "Matlak, Marek"]
[Black "Gdanski, Jacek"]
[Result "1/2-1/2"]
[WhiteElo "2390"]
[BlackElo "2300"]

1.Nf3 c5 2.c4 Nf6 3.Nc3 g6 4.d4 Bg7 5.e4 Qa5 6.Bd3 cxd4 7.Nxd4 Nc6 8.Nb3 Qd8
9.Be3 d6 10.f3 O-O 11.Qd2 a5 12.Be2 Be6 13.Nd4 Nd7 14.Ndb5 Nc5 15.Nd5 a4
16.O-O Na7 17.Nbc3 Nc6 18.Rab1 Qa5 19.Nxe7+ Nxe7 20.Qxd6 Nxe4 21.fxe4 Rfe8
22.Nb5 Nc6 23.Qf4 Rad8 24.Qf2 Rd7 25.b3 axb3 26.axb3 Qa2 27.Rbd1 Red8 28.Bb6 Rxd1
29.Rxd1 Rxd1+ 30.Bxd1 Qa1 31.Qe2 Nd4 32.Nxd4 Bxd4+ 33.Bxd4 Qxd4+ 34.Kh1 Kg7
35.h3 h5 36.Bc2 b6 37.e5 Qa1+ 38.Kh2 Qd4 39.Qe4 Qf2 40.Bd1 Qd2 41.Qe2  1/2-1/2

[Event "Dreszer mem"]
[Site "Gdynia"]
[Date "1987.??.??"]
[Round "5"]
[White "Matlak, Marek"]
[Black "Tomaszewski, Roman"]
[Result "1/2-1/2"]
[WhiteElo "2390"]
[BlackElo "2380"]

1.Nf3 Nf6 2.c4 c5 3.Nc3 d5 4.cxd5 Nxd5 5.g3 g6 6.Bg2 Bg7 7.O-O O-O 8.Nxd5 Qxd5
9.d3 Nc6 10.a3 Qd6 11.Rb1 c4 12.Ne1 Bf5 13.Bf4 Qd7 14.dxc4 Qxd1 15.Rxd1 Bxb2
16.Nd3 Bxa3 17.Rb1 Nd8  1/2-1/2

[Event "Graz op"]
[Site "Graz"]
[Date "1987.??.??"]
[Round "6"]
[White "Voiska, Margarita"]
[Black "Kudrin, Sergey"]
[Result "0-1"]
[WhiteElo "2350"]
[BlackElo "2515"]

1.Nf3 Nf6 2.c4 c5 3.Nc3 b6 4.e4 d6 5.d4 cxd4 6.Nxd4 Bb7 7.f3 e6 8.Be3 a6
9.Qd2 Be7 10.g4 Nc6 11.Nxc6 Bxc6 12.g5 Nd7 13.O-O-O Rb8 14.Kb1 b5 15.Rc1 O-O
16.cxb5 axb5 17.Nd5 exd5 18.Rxc6 Ne5 19.Rc1 Nxf3 20.Qxd5 Bxg5 21.Bxg5 Qxg5
22.Rd1 b4 23.Bc4 Qxd5 24.Bxd5 Ne5 25.Bb3 Rfd8 26.Rd2 Kf8 27.Rc1 Ke7 28.Rc7+ Rd7
29.Rc1 Ra7 30.Rcd1 Ra6 31.Bd5 Ra5 32.Rg2 g6 33.Rg3 Rc5 34.Rb3 h5 35.a3 Rcb5
36.Ka2 g5 37.Rxb4 Rxb4 38.axb4 g4 39.Rc1 Rxb4 40.Ka3 Rb8 41.b4 h4 42.Rb1 g3
43.hxg3 hxg3 44.Rg1 Rg8 45.Rg2 Nd3 46.Rg1 Nf4 47.Bc6 g2 48.e5 d5  0-1

[Event "Hamburg HSV"]
[Site "Hamburg"]
[Date "1987.??.??"]
[Round "?"]
[White "Schneider, Attila"]
[Black "Maus, Soenke"]
[Result "1-0"]
[WhiteElo "2410"]
[BlackElo "2370"]

1.Nf3 Nf6 2.c4 c5 3.Nc3 e6 4.g3 b6 5.Bg2 Bb7 6.O-O Be7 7.d4 cxd4 8.Qxd4 d6
9.Bg5 a6 10.Bxf6 Bxf6 11.Qd3 Ra7 12.Rfd1 Bxf3 13.exf3 Be7 14.f4 g6 15.h4 O-O
16.Rac1 Nd7 17.Bf3 Nf6 18.Qe3 Qb8 19.Ne2 Rc7 20.Nd4 Qc8 21.b4 Re8 22.b5 Bf8
23.Bc6 Rd8 24.a4 Bg7 25.Bf3 Rc5 26.Nc6 Re8 27.Rxd6 Bf8 28.Rdd1 a5 29.Qd3 Qc7
30.Rc2 Rf5 31.Rcd2 Bc5 32.Kg2 h5 33.Qe2 Kg7 34.Rd8 Rxd8 35.Rxd8 Bd6 36.Ra8 Bxf4
37.Ra7 Qd6 38.gxf4 Qxf4 39.Nd8 Qxh4 40.Nxf7  1-0

[Event "Hamburg HSV"]
[Site "Hamburg"]
[Date "1987.??.??"]
[Round "?"]
[White "Schneider, Attila"]
[Black "Michaelsen, Nils"]
[Result "1-0"]
[WhiteElo "2410"]
[BlackElo "2205"]

1.Nf3 Nf6 2.c4 c5 3.Nc3 e6 4.g3 b6 5.Bg2 Bb7 6.O-O d6 7.b3 a6 8.Bb2 Be7 9.e3 O-O
10.Qe2 Nbd7 11.Rfd1 Ra7 12.d4 Qa8 13.d5 exd5 14.cxd5 Re8 15.e4 Bf8 16.Qc2 b5
17.Re1 Qd8 18.a4 b4 19.Nb1 a5 20.Nbd2 Ba6 21.Bf1 Bxf1 22.Kxf1 Ng4 23.Nc4 f6
24.Kg2 g6 25.Nfd2 Nge5 26.Ne3 Nb6 27.f4 Nf7 28.h4 Bg7 29.h5 Rae7 30.Rh1 Qd7
31.hxg6 hxg6 32.Rh4 g5 33.Rh3 Nh6 34.fxg5 fxg5 35.Bxg7 Kxg7 36.Rxh6 Kxh6
37.e5  1-0

[Event "Hamburg HSV"]
[Site "Hamburg"]
[Date "1987.??.??"]
[Round "?"]
[White "Stone, Raymond"]
[Black "Gruenberg, Rainer"]
[Result "1/2-1/2"]
[WhiteElo "2375"]
[BlackElo "2290"]

1.Nf3 c5 2.c4 Nf6 3.Nc3 d5 4.cxd5 Nxd5 5.e3 Nxc3 6.bxc3 g6 7.Bb5+ Bd7 8.a4 Bg7
9.O-O O-O 10.d4 Qc7 11.h3 Bxb5 12.axb5 Nd7 13.e4 a6 14.bxa6 Rxa6 15.Rb1 Rfa8  1/2-1/2

[Event "Hameln Voba"]
[Site "Hameln"]
[Date "1987.??.??"]
[Round "?"]
[White "Adrian, Claude"]
[Black "Stangl, Markus"]
[Result "1/2-1/2"]
[WhiteElo "2355"]
[BlackElo "2375"]

1.Nf3 Nf6 2.c4 c5 3.Nc3 b6 4.e4 d6 5.d4 cxd4 6.Nxd4 Bb7 7.Qe2 e6 8.g3 a6
9.Bg2 Qc7 10.Be3 Nbd7 11.Rc1 g6 12.O-O Rc8 13.b3 Qb8 14.f4 Bg7 15.e5 dxe5
16.fxe5 Nxe5 17.Bf4 Nfd7 18.Bh3 O-O 19.Nxe6 fxe6 20.Bxe6+ Kh8 21.Bxd7 Rxf4
22.Rxf4 Nxd7 23.Rd1 Ne5 24.Nd5 Qd6 25.Qf2 b5 26.Qb6 Qxb6+ 27.Nxb6 Re8 28.Nd5 bxc4
29.bxc4 g5 30.Rf5 Bc8 31.Nf6 Bxf6 32.Rxf6 Nxc4 33.Rc1 Ne5 34.Rc7 Kg8 35.a4 Be6
36.Ra7 Bc4 37.h3 Rd8 38.Rf5 Rd1+ 39.Kg2 Rd2+ 40.Kh1 Rd1+ 41.Kg2 Rd2+ 42.Kg1 Nf7
43.Rc5 Rd4 44.Kf2 Bb3 45.Rxa6 Bxa4 46.Ra7 Bb3 47.Ke3 Rb4 48.Kf2 Be6 49.g4 Rf4+
50.Kg3 h6 51.Re7 Bb3 52.Rb7 Ba4 53.Ra5 Bc6 54.Rc7 Rf3+ 55.Kh2 Be4 56.Ra4 Bg6
57.Kg2 Rb3 58.Rac4 Ne5 59.Ra4 Bf7 60.Ra5 Ng6 61.Raa7 Nh4+ 62.Kg1 Rf3 63.Rcb7 Kg7
64.Rc7 Ng6 65.Kg2  1/2-1/2

[Event "POL-chT"]
[Site "Jachranka"]
[Date "1987.??.??"]
[Round "6"]
[White "Rosiak, Andrzej"]
[Black "Balicki, Cezary"]
[Result "1/2-1/2"]
[WhiteElo "2345"]
[BlackElo "2305"]

1.c4 c5 2.Nf3 Nf6 3.Nc3 g6 4.g3 Bg7 5.Bg2 O-O 6.O-O d5 7.cxd5 Nxd5 8.d4 cxd4
9.Nxd4 Nxc3 10.bxc3 Nc6 11.Nxc6 bxc6 12.Qa4 Bxc3 13.Rb1 Bf5 14.Rb7 Qa5 15.Qxa5 Bxa5
16.Bxc6 Rac8 17.Bf3 Bh3 18.Bg2 Bxg2 19.Kxg2 Rc7 20.Rxc7 Bxc7 21.Ba3 Re8 22.Bc5 Bb6
23.Bxb6 axb6 24.Rb1 Ra8  1/2-1/2

[Event "NOR-ch"]
[Site "Kristiansand"]
[Date "1987.??.??"]
[Round "?"]
[White "Bjerke, Richard"]
[Black "Ostenstad, Berge"]
[Result "1/2-1/2"]
[WhiteElo "2270"]
[BlackElo "2410"]

1.Nf3 Nf6 2.c4 c5 3.Nc3 d5 4.cxd5 Nxd5 5.d4 Nxc3 6.bxc3 g6 7.e4 Bg7 8.Be3 Qa5
9.Qd2 Nc6 10.Rc1 cxd4 11.cxd4 Qxd2+ 12.Kxd2 O-O 13.d5 Rd8 14.Ke1  1/2-1/2

[Event "London NWYM"]
[Site "London"]
[Date "1987.??.??"]
[Round "?"]
[White "Vlahos, Kiriakos"]
[Black "Jacobs, Byron A"]
[Result "0-1"]
[WhiteElo "2275"]
[BlackElo "2390"]

1.c4 Nf6 2.Nc3 c5 3.Nf3 e6 4.d4 cxd4 5.Nxd4 Bb4 6.Nb5 O-O 7.a3 Bxc3+ 8.Nxc3 d5
9.e3 Nc6 10.Be2 Qe7 11.cxd5 Rd8 12.e4 exd5 13.exd5 Qe5 14.f4 Qe7 15.Kf2 Be6
16.Bf3 Nxd5 17.Nxd5 Bxd5 18.Bxd5 Qc5+ 19.Be3 Qxd5 20.Qxd5 Rxd5 21.Rhd1 Rad8
22.Rxd5 Rxd5 23.g4 Kf8 24.Rc1 Ke7 25.Kf3 f5 26.h3 g6 27.Rc3 Kd7 28.Rb3 b5
29.a4 b4 30.Ke2 fxg4 31.hxg4 h5 32.f5 hxg4 33.fxg6 Ke6 34.Rd3 Ra5 35.Bf4 Ne7
36.g7 Kf7 37.Rd7 Kxg7 38.Rxe7+ Kf6 39.Rb7 Rxa4 40.Kd2  0-1

[Event "USA-op"]
[Site "Los Angeles"]
[Date "1987.??.??"]
[Round "5"]
[White "Lombardy, William James"]
[Black "Alburt, Lev O"]
[Result "1/2-1/2"]
[WhiteElo "2475"]
[BlackElo "2570"]

1.c4 c5 2.Nc3 Nf6 3.Nf3 e6 4.g3 d5 5.cxd5 Nxd5 6.Bg2 Be7 7.O-O O-O 8.e4 Nb4
9.d4 cxd4 10.Nxd4 N8c6 11.Be3 Nxd4 12.Bxd4 b6 13.a3 Nc6 14.e5 Bd7 15.Ne4 Nxd4
16.Qxd4 Bc6 17.Nd6  1/2-1/2

[Event "Medellin"]
[Site "Medellin"]
[Date "1987.??.??"]
[Round "?"]
[White "Agudelo, Antonio"]
[Black "Pazos, Plinio"]
[Result "1/2-1/2"]
[WhiteElo "2340"]
[BlackElo "2335"]

1.Nf3 Nf6 2.c4 c5 3.Nc3 e6 4.g3 b6 5.Bg2 Bb7 6.O-O Be7 7.d4 cxd4 8.Qxd4 d6
9.Rd1 a6 10.b3 Nbd7 11.Bb2 O-O 12.Ng5 Bxg2 13.Kxg2 Qc7 14.Nge4 Rfd8 15.f3 Nc5
16.Rac1 Qb7 17.Nxf6+ Bxf6 18.Qg4 b5 19.cxb5 axb5 20.b4 Na6 21.a3 Rac8 22.Rd3 d5
23.Qf4 Rc4 24.Qd2 Rdc8 25.Na2 Qe7 26.Rxc4 bxc4 27.Bxf6 Qxf6 28.Rd4 Nc7 29.Nc3 Qd8
30.Qe3 Qd6 31.Qd2 Qa6 32.a4 e5 33.b5 Qb6 34.Rxd5 Nxd5 35.Nxd5 Qc5 36.b6 c3
37.Qxc3 Qxc3 38.b7 Rb8 39.Nxc3 Rxb7 40.Nb5 Rb6 41.Kf2 Ra6 42.Nc3 Rc6 43.Nd5 Rc4
44.Nb6 Rb4 45.Nd5 Rxa4 46.g4 f6 47.h4 Kf7 48.e4 Ke6 49.h5 h6 50.Ne3 Ra7 51.Kg3 Kd6
52.Nf5+ Kc5 53.Nh4 Kd4 54.Nf5+ Kd3 55.Kf2 Rb7 56.Ke1 Rb2 57.Kf1 Rc2 58.Ke1 Rd2
59.Kf1 Rc2 60.Ke1 Rc7 61.Kf1 Kc4 62.Kf2 Kc5 63.Kf1 Kc6 64.Kf2 Rf7 65.Kg3 Kd7
66.Kf2 Ke6 67.Kg2 Rd7 68.Kh2 Kf7 69.Nh4 Rd1 70.Kg2 Ke6 71.Nf5 Rd7 72.Kf2 Rf7
73.Kg2 Kd7 74.Kf2 Kc6 75.Kg2 Kc5 76.Kf2 Rd7 77.Kg2 Kc4 78.Kf2 Kd3 79.Kf1 Ra7
80.Ke1 Ra1+ 81.Kf2 Rb1 82.Nxg7 Rb2+ 83.Kg3 Ke2 84.Nf5 Kf1 85.Nxh6 Rg2+ 86.Kh3 Kf2
87.Ng8 Rg1 88.Kh2  1/2-1/2

[Event "Moscow-B"]
[Site "Moscow"]
[Date "1987.??.??"]
[Round "?"]
[White "Belov, Igor"]
[Black "Foisor, Ovidiu"]
[Result "1-0"]
[WhiteElo "2405"]
[BlackElo "2495"]

1.Nf3 Nf6 2.c4 c5 3.Nc3 e6 4.e3 d5 5.d4 Nc6 6.cxd5 exd5 7.Be2 cxd4 8.Nxd4 Bd6
9.O-O O-O 10.b3 Qe7 11.Bb2 Rd8 12.Ncb5 Bb8 13.Rc1 Bd7 14.Nxc6 bxc6 15.Nd4 Qd6
16.g3 a5 17.Qc2 Ba7 18.Rfd1 Re8 19.Bf3 Ng4 20.Nxc6 Nxe3 21.Qc3 Qh6 22.Re1 d4
23.Qd2  1-0

[Event "Moscow-A"]
[Site "Moscow"]
[Date "1987.??.??"]
[Round "?"]
[White "Romanishin, Oleg M"]
[Black "Dolmatov, Sergey"]
[Result "1/2-1/2"]
[WhiteElo "2570"]
[BlackElo "2515"]

1.c4 c5 2.Nf3 Nf6 3.Nc3 e6 4.g3 b6 5.Bg2 Bb7 6.O-O d6 7.d4 cxd4 8.Qxd4 a6
9.Rd1 Nbd7 10.Ng5 Bxg2 11.Kxg2 Rc8 12.Nge4 Rc6 13.Bf4 Qa8 14.Kg1 e5 15.Qe3 Nxe4
16.Nxe4 Be7 17.Bg5 f6 18.Qf3 O-O 19.Qf5 Nc5 20.Nxc5 bxc5 21.Qe6+ Rf7 22.Be3 Qc8
23.Qd5 Rb6 24.b3 f5 25.Rab1 Qb7 26.a3 Qxd5 27.Rxd5 a5 28.Bd2 Ra6 29.b4 axb4
30.axb4  1/2-1/2

[Event "Moscow-A"]
[Site "Moscow"]
[Date "1987.??.??"]
[Round "?"]
[White "Ionescu, Constantin"]
[Black "Dolmatov, Sergey"]
[Result "0-1"]
[WhiteElo "2520"]
[BlackElo "2515"]

1.Nf3 e6 2.c4 Nf6 3.Nc3 c5 4.g3 b6 5.Bg2 Bb7 6.O-O d6 7.b3 a6 8.d4 cxd4 9.Qxd4 Nbd7
10.Rd1 Be7 11.e4 Qb8 12.Ba3 Nc5 13.e5 dxe5 14.Qxe5 Ncd7 15.Qxb8+ Rxb8 16.Bc1 Rc8
17.Rd3 Bc6 18.Bf4 b5 19.Nd2 Bxg2 20.Kxg2 Nc5 21.Rf3 b4 22.Ne2 Rd8 23.Nf1 O-O
24.h3 Rd7 25.Rc1 Nd3 26.Rb1 Rfd8 27.Be3 Nc5 28.Rf4 e5 29.Rf5 Nd3 30.Bg5 Ne4
31.Bxe7 Rxe7 32.Ra1 g6 33.Rf3 f5 34.a3 bxa3 35.Rxa3  0-1

[Event "Namestovo"]
[Site "Namestovo"]
[Date "1987.??.??"]
[Round "1"]
[White "Lechtynsky, Jiri"]
[Black "Nun, Jiri"]
[Result "1/2-1/2"]
[WhiteElo "2445"]
[BlackElo "2460"]

1.Nf3 Nf6 2.c4 e6 3.Nc3 c5 4.g3 b6 5.Bg2 Bb7 6.O-O Be7 7.d4 cxd4 8.Qxd4 O-O
9.Rd1 Qc8 10.b3 d5 11.cxd5 Nxd5 12.Nxd5 Bxd5 13.Qd3 Qa6 14.Ne5 Bxg2 15.Kxg2 Qxd3
16.Nxd3 Nc6 17.Bb2 Rac8 18.Rac1 Bd6 19.f4 Rfd8 20.Nf2 f5 21.Rc2 Ne7 22.Rxc8 Nxc8
23.Kf3 Ne7 24.Be5 Nd5 25.Bxd6 Rxd6 26.Rc1 Rd7 27.Nd3 Rc7 28.Rxc7 Nxc7 29.Ke3 Kf7
30.a4 Kf6 31.Kd4 h6 32.h4 Ne8 33.e4 fxe4 34.Nf2 Kf5 35.Nxe4 Nf6 36.Nd6+ Kg4
37.Ke5 Kxg3 38.f5 exf5 39.Nxf5+ Kg4 40.Nxg7 Nd7+ 41.Kd5 Nc5 42.Kc4 Kxh4 43.Nf5+ Kg5
44.Nxh6 Kxh6 45.a5 Nxb3  1/2-1/2

[Event "Namestovo"]
[Site "Namestovo"]
[Date "1987.??.??"]
[Round "10"]
[White "Lechtynsky, Jiri"]
[Black "Plachetka, Jan"]
[Result "1/2-1/2"]
[WhiteElo "2455"]
[BlackElo "2430"]

1.Nf3 Nf6 2.c4 c5 3.Nc3 g6 4.d4 Bg7 5.e4 cxd4 6.Nxd4 Nc6 7.Be3 Ng4 8.Qxg4 Nxd4
9.Qd1 e5 10.Bd3 O-O 11.O-O d6 12.Qd2 Be6 13.b3 Qa5 14.Rac1 Rfc8 15.f3 a6
16.Nd5 Qxd2 17.Bxd2 Bxd5 18.cxd5 Kf8 19.Kf2 Bf6 20.Rxc8+ Rxc8 21.Rc1  1/2-1/2

[Event "Namestovo"]
[Site "Namestovo"]
[Date "1987.??.??"]
[Round "13"]
[White "Trapl, Jindrich"]
[Black "Luther, Thomas"]
[Result "0-1"]
[WhiteElo "2415"]
[BlackElo "2425"]

1.c4 Nf6 2.Nc3 e6 3.Nf3 c5 4.g3 d5 5.cxd5 Nxd5 6.Bg2 Be7 7.O-O O-O 8.d4 Nc6
9.e4 Nxc3 10.bxc3 cxd4 11.cxd4 b6 12.Bb2 Ba6 13.Re1 Nb4 14.Re3 Rc8 15.Bc3 Qc7
16.Qd2 Nd3 17.Ne1 Qxc3 18.Qxc3 Rxc3 19.Bf1 e5 20.Bxd3 exd4 21.Rf3 Bb7 22.Nc2 Rfc8
23.Nxd4 Bf6 24.Nf5 Rxd3 25.Rxd3 Bxe4 26.Ne7+ Bxe7 27.Rd7 Bc5 28.Re1 f5 29.Red1 Re8
30.Kf1 Bf3 31.Rd8 Bxd1 32.Rxe8+ Kf7 33.Rc8 a5 34.Ke1 Bf3  0-1